000 01069nam0a22002651 4500
001 rc\3981847
005 20260408001107.0
021 _aRU
_b[56-15621]
035 _a(NLR Aleph) 008061839
090 _a9007730
_c9007730
100 _a20130415d1956 |||y0rusy50 ca
101 0 _arus
102 _aRU
105 _ay z |||||
200 1 _aПравила технической эксплуатации запарного котла
_eУтв. 31/XII 1954 г.
_fМ-во текстильной пром-сти СССР. Техн. упр.
210 _aМосква
_cГизлегпром
_d1956
215 _a19 с.
_d16
606 _aТкани (текстил.)
_xЗапаривание
_2psbo
606 _aЗапарные котлы
_xЭксплуатация
_2psbo
712 0 1 _aСССР
_bМинистерство текстильной промышленности
_bТехническое управление
_9826424
_3RU\NLR\AUTH\8810165197
801 0 _aRU
_bNLR
_gpsbo
801 1 _aRU
_bELAR
_2rusmarc
852 _aNLR
_jТ56 Г-2/232
942 _cBOOK
980 _aNB